|
|
|
|
| LEADER |
02669nam a22004695i 4500 |
| 001 |
978-3-319-04924-3 |
| 003 |
DE-He213 |
| 005 |
20151204172049.0 |
| 007 |
cr nn 008mamaa |
| 008 |
140604s2014 gw | s |||| 0|eng d |
| 020 |
|
|
|a 9783319049243
|9 978-3-319-04924-3
|
| 024 |
7 |
|
|a 10.1007/978-3-319-04924-3
|2 doi
|
| 040 |
|
|
|d GrThAP
|
| 050 |
|
4 |
|a RM1-950
|
| 072 |
|
7 |
|a MMG
|2 bicssc
|
| 072 |
|
7 |
|a MED071000
|2 bisacsh
|
| 082 |
0 |
4 |
|a 615
|2 23
|
| 245 |
1 |
0 |
|a Bioinspired Approaches for Human-Centric Technologies
|h [electronic resource] /
|c edited by Roberto Cingolani.
|
| 264 |
|
1 |
|a Cham :
|b Springer International Publishing :
|b Imprint: Springer,
|c 2014.
|
| 300 |
|
|
|a XXII, 334 p. 17 illus.
|b online resource.
|
| 336 |
|
|
|a text
|b txt
|2 rdacontent
|
| 337 |
|
|
|a computer
|b c
|2 rdamedia
|
| 338 |
|
|
|a online resource
|b cr
|2 rdacarrier
|
| 347 |
|
|
|a text file
|b PDF
|2 rda
|
| 505 |
0 |
|
|a Antibody functionalized inorganic NPs: mimicking nature for targeted diagnosis and therapy -- Soft matter composites interfacing with biomolecules, cells and tissue -- Biosensing detection -- Emerging technologies inspired by plants -- Mechanism and structures: humanoids and quadrupeds -- Sensorimotor coordination in a humanoid robot: building intelligence on the iCub -- Towards a “brain guided” cognitive architecture -- Human Machine Interaction and Communication in Cooperative Actions -- Complexity and computation at the synapse: multilayer architecture and role of diffusion in shaping synaptic activity and computation -- Brain function: Novel technologies driving novel understanding.
|
| 520 |
|
|
|a The present book discusses topics related to research and development of materials and devices at nanoscale size and their respective application in medicine and biomedicine. The individual chapters give a detailed state of the art overview to the distinct topic. Apparently disconnected fields - life sciences, biomedicine, chemistry, physics, medicine and engineering - are bridged with a highly interdisciplinary view onto each subject.
|
| 650 |
|
0 |
|a Medicine.
|
| 650 |
|
0 |
|a Pharmacology.
|
| 650 |
|
0 |
|a Biomedical engineering.
|
| 650 |
|
0 |
|a Nanotechnology.
|
| 650 |
1 |
4 |
|a Biomedicine.
|
| 650 |
2 |
4 |
|a Pharmacology/Toxicology.
|
| 650 |
2 |
4 |
|a Biomedicine general.
|
| 650 |
2 |
4 |
|a Biomedical Engineering.
|
| 650 |
2 |
4 |
|a Nanotechnology.
|
| 700 |
1 |
|
|a Cingolani, Roberto.
|e editor.
|
| 710 |
2 |
|
|a SpringerLink (Online service)
|
| 773 |
0 |
|
|t Springer eBooks
|
| 776 |
0 |
8 |
|i Printed edition:
|z 9783319049236
|
| 856 |
4 |
0 |
|u http://dx.doi.org/10.1007/978-3-319-04924-3
|z Full Text via HEAL-Link
|
| 912 |
|
|
|a ZDB-2-SBL
|
| 950 |
|
|
|a Biomedical and Life Sciences (Springer-11642)
|